Far Cry - Statistiques

Statistiques générales
  • Ce quiz a été pris 68 fois
  • Le résultat moyen est 6 sur 15
Statistiques - réponses
Question Réponse % Correct
Comment s'appelle la personne qui nous aides au tout début de Far Cry 5 Dutch
72%
Dans quel épisode apparait pour la première fois Hurk Far Cry 3
65%
Quelle est le nom de la maladie qui touche notre personnage dans Far Cry 2 La malaria
65%
Quel est le vrai nom de Faith dans Far Cry 5 ? Rachel
48%
Comment s'appelle l'arme ultime dans Far Cry 3 Blood Dragon ? l'étoile tueuse
41%
Comment s'appelle la divinité malfaisante dans Far Cry 4 ? Yalung
41%
Comment s'appelle la maladie dont souffre les Udams dans Far Cry Primal ? La cranience
39%
Dans quel endroit du monde se passe Far Cry 1 ? Micronésie
39%
Quel est le nom de l'ancêtre de Hurk dans Far Cry Primal ? Hurki
37%
Qui ou quoi est Lakshmana ? Un enfant
35%
Quel est la nationalité de Buck dans Far Cry 3 ? Australien
33%
Quel est le nom du peuple qui a inspiré les Rakyats dans Far Cry 3 ? Les Dayaks
33%
Quelle est la race de Boomer le chien de Far Cry 5 ? Berger Australien
31%
Combien y a t'il de jeux vidéo Far Cry ? (jeux principaux + secondaire + add on) (a date du 25/04/25) 12
30%
Qui a réaliser le film Far Cry sortie en 2008 ? Uwe Boll
26%
Aucun quiz correspondant
Distribution des résultats
% des personnes avec chaque résultat
Percentile par nombre de réponses
Votre historique - résultats
Vous n’avez pas pris ce quiz